00613 a2200169 4500020001200000035001200012037004500024082001100069090001500080245007400095260004500169300003900214700002400253942002600277999001500303952012500318 c2750.00 aB-78018 bRP-QRP-NIL / UBH-03-04:11 / RP-03-04:ENG14a709.54 c2751d27511 aArt of Indiabprehistory to the presentcedited by Frederick M. Asher aHong KondbEncyclopedia Britannicac2003 avi, 501 pbphotos col.c29 cm (HB) aAsher, Frederick M. adplcENk709.54 / ART c2698d2698 00102ddc40708NFICaQRPbQRPeDBAD/PUBl0o709.54 ARTpB-78018r2008-09-15 00:00:00t1u2886v2750.00w2008-09-15yEN